Glande pineal ( cerveau central ) - Statistiques

Statistiques générales
  • Ce quiz a été pris 41 fois
  • Le résultat moyen est 5 sur 17
Statistiques - réponses
Question Réponse % Correct
qu est ce que s'est une glande endocrénienne sensible
94%
quel substance libère-t'elle à notre mort du DMT
61%
quel sont les plus gros facteurs qui calcifie la glande pinéal le stress , fluor , chlore , pfas, alluminium, mercure , calcium
61%
comment ses substances bloque t elle la glande pinéal en formant des cristaux de fluor et en fesant entrer l'alluminium dans la glande apres injestion du fluor
39%
le fluor était utiliser dans l'eau des camps de concentration du peintre autrichien pour rendre stérile et docile les prisonniers du camps et baisser leur qi c'est vrai et c'est inquietant de savoir que on en retrouve presque partout désormait
33%
dans quoi le fluor de sodium n'est pas utiliser les soins naturel au plantes les huiles essentiels et la nourriture produit soi meme ainsi que la nourriture bio
33%
comment décalcifier sa glande pinéal eviter de boire l'eau du robinet contenant pesticide et metaux lourd et produit sans fluor et boire du magnésium
28%
comment limiter ses expositions éviter l'eau du robinet les produits fluoré et manger bio
28%
comment s'appelait t'elle dans le new age le troixième oeil ou 7 eme chakra
22%
quel sont les conséquence de cette décalcification plus lucide et curieux et meilleur sommeil
22%
quels civilisations anciennes mettaient la glande pinéal très en avant tous en particulier les maya et l'egypte ancienne
22%
quel est le prénom moderne fessant référence a la glande pinéal Ajna
17%
quel sont les conséquences d'une glande pinéal calcifié comportement docile , probleme mentaux et difficulté à dormir
17%
quel est la probabilité d’attrapé un cancer de la glande pinéal 1 %
11%
qu'est ce qui permet de l'activé fortement pour connaitre un état de relaxation profonde liane Banisteriopsis caapi et feuille de chacruna
11%
le fluor de sodium est efficace pour la santé dentaire pour prévenir les caries aucunement efficace
6%
combien de vaccin contienne les produits toxique meme a faible dose : mercure , alluminium , formol . produit calcifiant la glande pineal la majorité hormis le vaccin de la rage et la fievre jaune
0%
Aucun quiz correspondant
Distribution des résultats
% des personnes avec chaque résultat
Percentile par nombre de réponses
Votre historique - résultats
Vous n’avez pas pris ce quiz